00421nam a2200145Ia 4500100001900000942000700019654001300026245003500039260004000074082001000114300000800124546001200132999001700144952011400161 aPritchard.R.T  cBK aWorkshop aWorkshop Processes Vol I & II bEnglish language book societyc2001 a671.4 a214 aENGLISH c25564d25564 001040708AFTaCRCEbCRCEc1486 | 63d2023-03-17g7.65l0o671.4 pAFT233r2023-03-17v7.65w2023-03-17yBK